书目信息 |
| 书名: | The Mumpreneur Diaries | |
| 作者: | MOSEY JONES | |
| 分册号: | ||
| 分册名: | 出版地: | NEW YORK |
|
| 出版社: | HarperCollins Publishers Limited | |
| 出版时间: | 2009 | |
| 页数: | 313P | |
| 开本: | 24CM | |
| 丛书名: | ||
| 中图分类号: | ||
| 科图分类号: | ||
| 其他分类号: | I313.65 | |
| 主题词: | ||
| 电子资源: | ||
| 000 | 00456nam0 2200145 450 | |
| 001 | 202012003073 | |
| 005 | 20121202155737.0 | |
| 008 | 12120201s | |
| 020 | @a9780007298792@c$7.99 | |
| 099 | @dI313.65@eM9114 | |
| 245 | 10 | @aThe Mumpreneur Diaries@bBusiness, Babies Or Bust - One Mother of a Year@cMOSEY JONES |
| 260 | 0 | @aNEW YORK@bHarperCollins Publishers Limited@c2009 |
| 300 | @a313P@c24CM | |
| 905 | @b14198-9 | |
| 905 | @aTSG@dI313.65@eM9114 | |
| The Mumpreneur Diaries : Business, Babies Or Bust - One Mother of a Year / MOSEY JONES.-NEW YORK : HarperCollins Publishers Limited , 2009 |
| 313P ; 24CM |
| ISBN 9780007298792$7.99 |
| ● |
| 相关链接 |
|
|
|
正题名:The Mumpreneur Diaries
索取号:I313.65/M9114
 
预约/预借
| 序号 | 登录号 | 条形码 | 馆藏地/架位号 | 状态 | 备注 |
| 1 | 14198 | 300141987 | 文学库116/400A自科库 15排3列2层/ [索取号:I313.65/M9114] | 在馆 | |
| 2 | 14199 | 300141996 | 文学库116/400A自科库 15排3列1层/ [索取号:I313.65/M9114] | 在馆 |